期刊信息 |
| 索取号 |
G51/WGJY
|
| 题名 |
外国教育
|
| 作者 |
中央教育科学研究所比较教育研究室,中国教育学会比较教育研究会
|
| 分册号 |
|
| 分册名 |
|
| 出版地 |
北京
|
| 出版者 |
教育科学出版社
|
| 标准刊号 |
|
| 出版频率 |
双月刊
|
| 中图法分类 |
G51
|
| 主题词 |
|
| 电子资源 | |
| |
|
| 000 | 01399nas002200337 45 | |
| 001 | 1196060678 | |
| 005 | 20070511095155.75 | |
| 011 | @d¥0.60(1988) | |
| 092 | @aCN@b2-279 | |
| 100 | @a19930709b19791989ekmy0chiy0121 eb | |
| 101 | 0 | @achi |
| 102 | @aCN@b110000 | |
| 110 | @aagaz 0yd0 | |
| 200 | 1 | @a外国教育@AWAI GUO JIAO YU@dForeign education@zeng@f中央教育科学研究所比较教育研究室,中国教育学会比较教育研究会@FZHONG YANG JIAO YU KE XUE YAN JIU SUO BI JIAO JIAO YU YAN JIU SHI , ZHONG GUO JIAO YU XUE HUI BI JIAO JIAO YU YAN JIU HUI |
| 207 | 0 | @a1979,no.1(1979,12)=[总1];1980,no.1(1980)~1989,no.6(1989)=总2~61 |
| 210 | @a北京@c教育科学出版社@d1979~89 | |
| 215 | @a61no.@d26cm | |
| 300 | @a1980年no.2以前由中央教育科学研究所外国教育研究室与中国教育学会外国教育研究会出版 | |
| 300 | @a1982至84年有英文目次 | |
| 304 | @a1981年起有并列题名 | |
| 304 | @a1981年以前由中央教育科学研究所外国教育研究室;中国教育学会外国教育研究会编辑 | |
| 326 | @a双月刊 | |
| 510 | 1 | @aForeign education@zeng |
| 540 | 1 | @a外国 教育@AWAI GUO JIAO YU |
| 676 | @a370@v19 | |
| 690 | @aG51@v3 | |
| 690 | @aG51@v4 | |
| 711 | 02 | @a中央教育科学研究所比较教育研究室@AZHONG YANG JIAO YU KE XUE YAN JIU SUO BI JIAO JIAO YU YAN JIU SHI@4编辑 |
| 711 | 02 | @a中国教育学会比较教育研究会@AZHONG GUO JIAO YU XUE HUI BI JIAO JIAO YU YAN JIU HUI@4编辑 |
| 801 | 0 | @aCN@bPFT@c20070511 |
| 905 | @a1@cQ@dG51@eWGJY | |
| 外国教育=Foreign education/中央教育科学研究所比较教育研究室,中国教育学会比较教育研究会.-1979,no.1(1979,12)=[总1];1980,no.1(1980)~1989,no.6(1989)=总2~61.-北京:教育科学出版社,1979~89 |
| 61no.;26cm |
| 1980年no.2以前由中央教育科学研究所外国教育研究室与中国教育学会外国教育研究会出版.-1982至84年有英文目次 |
| ¥0.60(1988) |
| ● |
| 相关链接: |
|
|
|
|